Engineering Tribology (Record no. 5419)

MARC details
000 -LEADER
fixed length control field 00365nam a22001577a 4500
005 - DATE AND TIME OF LATEST TRANSACTION
control field 20170404163557.0
008 - FIXED-LENGTH DATA ELEMENTS--GENERAL INFORMATION
fixed length control field 170404b xxu||||| |||| 00| 0 eng d
020 ## - INTERNATIONAL STANDARD BOOK NUMBER
ISBN 978--81-203-2724-5
041 ## - LANGUAGE CODE
Language code of text/sound track or separate title eng
100 ## - MAIN ENTRY--AUTHOR NAME
Personal name Sahoo, Prasanta
245 ## - TITLE STATEMENT
Title Engineering Tribology
260 ## - PUBLICATION, DISTRIBUTION, ETC. (IMPRINT)
Name of publisher PHI
Year of publication 2015
300 ## - PHYSICAL DESCRIPTION
Number of Pages 322
650 ## - SUBJECT ADDED ENTRY--TOPICAL TERM
Topical Term Engineering
942 ## - ADDED ENTRY ELEMENTS (KOHA)
Koha item type Books
Holdings
Lost status Damaged status Home library Current library Shelving location Date acquired Source of acquisition Cost, normal purchase price Full call number Accession Number Koha item type
    JRU Library   SHELF-44-J 04/04/2017 Purchase 275.00 621.89 21732 Books
    JRU Library   SHELF-6-B 04/04/2017 Purchase 275.00 621.89 21733 Books
    JRU Library   SHELF-44-J 04/04/2017 Purchase 275.00 621.89 21734 Books